Estadísticas para Letra de canciones

Haz click aquí para intentar la prueba.

Estadísticas generales

  • Esta prueba ha sido intentada 68 veces
  • La puntuación promedio es 3 de 15

Estadísticas de respuestas

ArtistaCanciónLetra……final% Correcto
Ritchie ValensLa BambaPara bailar la bamba, para bailar la bamba se necesita…Una poca de gracia
88%
Sebastián YatraTacones RojosY me pone a volar, la que me hace llorar…La que me hace sufrir pero no paro de amar
36%
Willie ColonEl Gran VarónNo te quejes por nada. Si del cielo de caen limones…Aprende a hacer limonada
22%
Ricky MartinMariaAsí es Maria, blanca como el día, pero es veneno…Si te quieres enamorar
17%
Los Fabulosos CadillacsEl MatadorNo tengo porque tener miedo…Mis palabras son balas
16%
Sergio VargasLa VentanitaLa ventanita del amor se me cerró. Desde que me dejaste…Las azucenas han perdido su color
12%
Juan Luis Guerra 4.40AvispasY también me dijo: no te mortifiques…Que yo le envío mis avispas para que lo piquen
12%
Luis EnriqueYo No Sé MañanaAlgo que no está en nuestro poder, yo no sé lo que es eterno…No me pidas algo que es del tiempo
10%
Celia CruzLa Vida es un CarnavalTodo aquel que piense que la vida es cruel…Nunca estará solo Dios está con el
9%
Callé 13LatinoaméricaEl que no quiere a su patria no quiere a su madre. Soy America Latina…Un pueblo sin piernas pero que camina
9%
Marc AnthonyY Hubo AlguienQue mientras tú vivías tu vida, muy aparte…Se encargaba de la mía con coraje
7%
Gloria EstefanMi TierraLa Tierra te empuja, de raíz y cal. La tierra suspira…Si no te ve más
7%
Carlos VivesCaritoY pensaba con nostalgia de la inocencia de aquellos años…De esos primeros amores que al recordar vuelven a nacer
5%
Natalia LafourcadeDe Todas les FloresEn las calles de Madrid borrachos fuimos…Sin un rumbo fijo
3%
Los Hermanos FloresLa BalaLa Bala, a bailar la bala y la tienes que bailar. Porque si tú no la bailas…Te la pueden disparar
3%

Distribución de puntuación

Porcentaje por número respondido

Porcentaje de gente con cada puntuación

Historial de tus puntuaciones

No has intentado esta prueba.